000 00401nam a2200145Ia 4500
041 _aArabic
082 _a346,07 cut-762 ر
100 _a20260118u\\\\\\\\\\\y0engy0103\\\\ba
100 _aد.احمد محمد الرفاعي
245 0 _aالاكراه الاقتصادي
250 _aط1
260 _bدار النهضة العربية
_aالقاهرة
_c2006
300 _a124
942 _cBk
999 _c189644
_d189644